| 000 | 00750nam a22002177a 4500 | ||
|---|---|---|---|
| 999 |
_c3051 _d3051 |
||
| 003 | AR-CdUCM | ||
| 008 | 190305b ||||| |||| 00| 0 spa d | ||
| 040 |
_aMUNICIPALIDAD PROVINCIAL DEL CUSCO _cBIBLIOTECA MUNICIPAL DEL CUSCO |
||
| 082 |
_a808 / _bR91 |
||
| 100 |
_aRudler,G _910366 |
||
| 245 | _aLa explicación de textos | ||
| 260 |
_aLima : _bFacultad de Letras U.N.M.S.M., _c1964 |
||
| 300 |
_a60 páginas; _c17 cm. |
||
| 505 | _aLos Principios -- Lo que debe ser la explicación -- Como se prepara la explicación -- Como se compone la explicación -- La conclusión | ||
| 650 |
_aLiteratura _983 |
||
| 650 |
_aPerú _935 |
||
| 650 |
_aManual _97438 |
||
| 650 |
_aUniversidad Mayor San Marcos _910367 |
||
| 942 |
_2ddc _cLIBROS |
||
| 945 | _admma | ||